| 000 | 00497nam a22001817a 4500 | ||
|---|---|---|---|
| 003 | CEME | ||
| 005 | 20210628202441.0 | ||
| 008 | 210208b xxu||||| |||| 00| 0 eng d | ||
| 020 | _a81-7635-637-9 | ||
| 040 | _c. | ||
| 082 | _a006.6869 RO | ||
| 100 |
_aSubir Choudhury Roame, Tony _959952 |
||
| 245 | _aMacromedia freehand 10, traning from the source | ||
| 260 |
_aNEW DELHI _bTECHMEDIA PUBLISHER _c2002 |
||
| 300 | _aVIII,461P | ||
| 700 |
_aFreehand 10; Animation _959953 |
||
| 942 |
_cBK _2ddc |
||
| 999 |
_c569809 _d569809 |
||